Т. 2; Неразрушающий контроль

التفاصيل البيبلوغرافية
Parent link:Неразрушающий контроль: сборник трудов III Всероссийской научно-практической конференции студентов, аспирантов и молодых ученых, 27-31 мая 2013 г., Томск/ Национальный исследовательский Томский политехнический университет (ТПУ). Т. 2.— , 2013
الملخص:В сборнике представлен широкий круг исследований аспирантов, студентов и молодых учёных Томска и других юродов России Посвящен теоретическим и практическим аспектам неразрушающего контроля.
اللغة:الروسية
منشور في: 2013
الموضوعات:
التنسيق: كتاب
KOHA link:https://koha.lib.tpu.ru/cgi-bin/koha/opac-detail.pl?biblionumber=289875

MARC

LEADER 00000nam2a2200000 4500
001 289875
005 20231102000229.0
035 |a (RuTPU)RU\TPU\book\314396 
035 |a RU\TPU\book\314395 
090 |a 289875 
100 |a 20150403d2013 k y0rusy50 ca 
101 0 |a rus 
102 |a RU 
105 |a a z 001zy 
200 0 |a Т. 2 
210 |d 2013 
215 |a 242 с.  |c ил. 
320 |a Библиография в конце статей 
330 |a В сборнике представлен широкий круг исследований аспирантов, студентов и молодых учёных Томска и других юродов России Посвящен теоретическим и практическим аспектам неразрушающего контроля. 
461 1 |0 (RuTPU)RU\TPU\book\313921  |t Неразрушающий контроль  |o сборник трудов III Всероссийской научно-практической конференции студентов, аспирантов и молодых ученых, 27-31 мая 2013 г., Томск  |o в 2 т.  |f Национальный исследовательский Томский политехнический университет (ТПУ)  |v Т. 2  |d 2013 
606 1 |a Неразрушающий контроль  |2 stltpush  |3 (RuTPU)RU\TPU\subj\66931  |9 82903 
610 1 |a космическое приборостроение 
610 1 |a сварка 
610 1 |a сварочные материалы 
610 1 |a сварные швы 
610 1 |a экология 
610 1 |a техносферная безопасность 
610 1 |a сточные воды 
610 1 |a попутный нефтяной газ 
610 1 |a атмосферный воздух 
610 1 |a лесные пожары 
610 1 |a Томская область 
610 1 |a солярий 
610 1 |a очистные сооружения 
610 1 |a конференции 
610 1 |a труды учёных ТПУ 
675 |a 620.179.1(063)  |v 3 
801 1 |a RU  |b 63413507  |c 20150403 
801 2 |a RU  |b 63413507  |c 20211026  |g RCR 
942 |c BK